Tous les buts/victimes de Kylian Mbappé - Statistiques

Statistiques générales
  • Ce quiz a été pris 545 fois
    81 depuis la dernière actualisation
  • Le résultat moyen est 51 sur 108
Statistiques - réponses
Réponse % Correct
Olympique Lyonnais
92%
Argentine
89%
Espagne
89%
Olympique de Marseille
87%
Lille OSC
83%
FC Barcelone
81%
AS Monaco
79%
FC Nantes
77%
OGC Nice
77%
Atlético Madrid
75%
RC Lens
75%
Belgique
74%
AS Saint-Étienne
72%
Stade Rennais
72%
Allemagne
70%
Montpellier HSC
70%
Pays-Bas
70%
RC Strasbourg
70%
Australie
68%
Juventus
68%
Stade Brestois
68%
Croatie
66%
Dortmund
66%
Manchester City
66%
Pologne
66%
Russie
66%
Benfica
64%
Toulouse FC
64%
Bayern Munich
62%
Club Brugge
62%
Girondins de Bordeaux
62%
RB Leipzig
62%
Suède
62%
Galatasaray
60%
Gibraltar
60%
Liverpool
60%
Manchester United
60%
AC Milan
58%
FC Séville
58%
Real Betis
58%
Angers SCO
57%
Ukraine
57%
Celtic
55%
Danemark
55%
Pérou
55%
SM Caen
55%
Autriche
53%
FC Lorient
53%
Maccabi Haïfa
53%
Atalanta
51%
FC Metz
51%
Islande
51%
États-Unis
49%
Stade de Reims
47%
Anderlecht
45%
Étoile Rouge de Belgrade
45%
Finlande
45%
Luxembourg
45%
Newcastle
45%
Real Sociedad
45%
AC Ajaccio
43%
Amiens SC
43%
Écosse
43%
Grèce
43%
RB Salzbourg
43%
Real Madrid
43%
Clermont Foot
42%
Le Havre AC
42%
Villarreal
42%
AJ Auxerre
40%
SC Bastia
40%
DFCO
38%
EA Guingamp
38%
Kazakhstan
38%
Nîmes Olympique
38%
Afrique du Sud
36%
Andorre
36%
AS Nancy
36%
ESTAC Troyes
36%
Girona
34%
Pays de Galles
34%
Osasuna
32%
Stuttgart
32%
US Orléans
28%
Celta Vigo
26%
Real Valladolid
26%
Espanyol Barcelone
25%
Levante
25%
Getafe
23%
Rayo Vallecano
23%
Majorque
21%
Moldavie
21%
Le Mans FC
19%
Pau FC
19%
Basaksehir
17%
Pachuca
17%
Alavés
15%
Las Palmas
15%
US Pays de Cassel
15%
Real Oviedo
11%
Vannes OC
11%
FC Chambly
6%
GSI Pontivy
4%
Leganés
4%
Le Pontet Grand Avignon
4%
US Revel
2%
Entente Feignies Aulnoye
0%
Stade Montois
0%
Aucun quiz correspondant
Distribution des résultats
% des personnes avec chaque résultat
Percentile par nombre de réponses
Votre historique - résultats
Vous n’avez pas pris ce quiz depuis la dernière actualisation